Clan tartans of Scotland - Statistics

General Stats
  • This quiz has been taken 78 times
  • The average score is 2 of 8
Answer Stats
Picture Answer % Correct
Mcdonald
73%
Stewart
64%
Campbell
42%
Macleod
42%
Robertson
12%
Maclachlan
5%
Macqueen
0%
Mitchell
0%
No matching quizzes found
Score Distribution
Percent of People with Each Score
Percentile by Number Answered
Your Score History
You have not taken this quiz